00795nam a2200205Ia 4500003000900000008004100009020001800050040001600068080001900084100002700103245014900130260004400279300001000323490004000333650003900373700002600412942000700438999001700445952012700462IN-BaIIA211028s9999 xx 000 0 eng d a3-7186-4916-0 cIIA Library a047.1:524bVOR aVorontsov, S.V.921452 0aAstrophysics and spacephysics reviewsbvol. 7, pt. 1, helioseismologycS. V. Vorontsov and V. N. Zharkov  aU.K.bHarwood Academic Publishersc1989 a104p. aSoviet Scientific Reviews/Section E aAstrophysics, Space physics921453 aZharkov, V. N.911154 cBK c12270d12270 00104070aBANbBANcGENd1997-10-24g3367.20l0o047.1:524/ VORp13186r2021-11-05v3367.20w1997-10-24yBKGRs. 3367.20